000
00279nam a2200121Ia 4500
008
190216s9999||||xx |||||||||||||| ||und||
100
_a
Eric Partridge
245
0
_a
Usage And Abusage
260
_b
Penguin Books
_c
1969
300
_a
377p
650
_a
English Story
942
_c
BK
999
_c
12331
_d
12331